00494 2200193 4500245005000000020002200050250001000072100001600082700001800098700001800116650002100134650001000155005001900165260006500184041001400249084001000263300001800273336000900291 aIndahnya Kampung ToleransicAli MuakhirhText a978-602-437-997-1 aCet.2 aAli Muakhir aMeols Mulyana aKity Karenisa aCerita Bergambar aEbook a20241031092502 aJakarta TimurbBadan Pengembangan dan Pembinaan Bahasac2022 aIndonesia a741.5 avi :c28 hlm. atext